Estatísticas para Maiores Cidades de Sergipe

Clique aqui para jogar o quiz

Estatísticas Gerais

  • Esse quiz foi jogado 144 vezes
  • A pontuação média é 8 de 16

Respostas no mapa

Respostas codificadas por cores de uma escala verde-vermelha no mapa do quiz de acordo com a % correta abaixo.
 

Estatísticas das Respostas

PopulaçãoMunicípio% Correto
664.908Aracaju
100%
96.142Itabaiana
77%
105.221Lagarto
75%
185.706Nossa Senhora do Socorro
67%
69.556Estância
59%
91.093São Cristóvão
55%
42.166Itabaianinha
46%
30.930Barra dos Coqueiros
45%
52.530Tobias Barreto
45%
37.324Nossa Senhora da Glória
43%
30.402Canindé de São Francisco
42%
30.080Laranjeiras
42%
34.709Itaporanga d'Ajuda
39%
40.606Simão Dias
39%
34.514Capela
34%
35.122Poço Redondo
29%

Distribuição das Pontuações

Percentil de Números Respondidos

Porcentagem de Pessoas com Cada Pontuação

Sua Pontuação Histórica

Você não jogou esse quiz